000
00282nam a2200121Ia 4500
008
191201s2019 xx 000 0 und d
100
_a
GEETA PRESS
245
0
_a
Shrimad Bhagwat Geeta
260
_a
N. Delhi
_b
Geeta Press
300
_a
255
650
_a
General Books
942
_2
ddc
_c
BK
999
_c
710
_d
710